Minecraft Items that Start with E - Statistics

General Stats
  • This quiz has been taken 13 times
  • The average score is 17 of 38
Answer Stats
Answer % Correct
Ender Pearl
88%
Eye Armor Trim Smithing Template
88%
Egg
75%
Emerald
75%
End Portal
75%
End Stone
75%
Eye of Ender
75%
Emerald Ore
63%
Enchanting Table
63%
Ender Chest
63%
Ender Dragon Spawn Egg
63%
Enderman Spawn Egg
63%
Endermite Spawn Egg
63%
End Portal Frame
63%
End Stone Bricks
63%
End Stone Brick Slab
63%
End Stone Brick Stairs
63%
End Stone Brick Wall
63%
Elder Guardian Spawn Egg
50%
Enchanted Book
50%
End Rod
50%
Evoker Spawn Egg
50%
Echo Shard
38%
Elytra
38%
End Crystal
38%
Enchanted Golden Apple
25%
End Gateway
25%
Exposed Chiseled Copper
13%
Exposed Copper
13%
Exposed Copper Bulb
13%
Exposed Copper Door
13%
Exposed Copper Grate
13%
Exposed Copper Trapdoor
13%
Exposed Cut Copper
13%
Exposed Cut Copper Slab
13%
Exposed Cut Copper Stairs
13%
Empty Map
0%
Explorer Pottery Sherd
0%
No matching quizzes found
Score Distribution
Percent of People with Each Score
Percentile by Number Answered
Your Score History
You have not taken this quiz